000 00600nam a2200217 a 4500
999 _c3024
_d3024
001 3024
003 BD-JhCC
005 20171109131202.0
008 171109s1370 bg |||| ||a| 00| 0 ben d
035 _a(BD-JhCC)3024
040 _aBD-JhCC
_dBD-JhCC
041 _aben
082 _a891.443
_bJOR 1370
100 _aজরাসন্ধ
245 _aছায়া তীর /
_cজরাসন্ধ
260 _aঢাকা :
_bষ্টান্ডার্ড পাবলিশার্স,
_c1370.
300 _a167 p. :
650 _aBengali Novel
942 _2ddc
_cBK